| 000 | 00455nam a22001457a 4500 | ||
|---|---|---|---|
| 082 | _a200 | ||
| 100 | _aSana, Aasia | ||
| 245 |
_aDevelopment of Cybersecurity Learning Platform for SMBs / _cAasia Sana |
||
| 260 |
_aIslamabad : _bMCS - NUST, _c2016. |
||
| 300 |
_a172 p. ; _c30cm. |
||
| 650 |
_aMS-Information Security _927215 |
||
| 700 |
_aSupervisor:Dr. Imran Rashid _9113125 |
||
| 942 |
_2ddc _cTHE |
||
| 999 |
_c540902 _d540902 |
||